| 000 | 00621nam a2200205 a 4500 | ||
|---|---|---|---|
| 005 | 20240911063959.0 | ||
| 008 | 991125s1992 mx 000 0 spa u | ||
| 020 | _a9686382622 | ||
| 035 | _aUPN01000003285 | ||
| 049 | _aCG | ||
| 050 | 4 |
_aGN296 _bA57 |
|
| 245 | 0 | 3 |
_aLa antropología médica en México / _ccomp. Roberto Campos Navarro. |
| 260 |
_aMéxico : _bInstituto Mora : _bUAM, _c1992. |
||
| 300 | _a231 p. | ||
| 440 | 0 |
_aAntologías universitarias ; _v1 |
|
| 500 | _a"Nuevos enfoques en ciencias sociales" | ||
| 650 | 4 |
_aAntropología médica _94787 |
|
| 700 | 1 |
_aCampos Navarro, Roberto, _ecomp. |
|
| 905 | _aLibro | ||
| 999 |
_c3285 _d3285 |
||